=LDR 00000nam 2200000 4500 =001 INLIS000000000025509 =005 20130612124018 =008 ***********************************Ind** =035 ##$$0010-061300000025509 =041 ##$$a Ind =082 ##$$a 343.1 =090 ##$$a 343.1, Soe p =100 ##$$a Sudjono =245 ##$$a Penegakan hukum dalam sistem pertahanan sipil, Soejono D, SH =260 ##$$a 1978 $b Bandung =300 ##$$a 331 hlm, 21 cm =650 ##$$a Hukum =850 ##$$a NBPNMAT